| 000 | 03773cam a22005534i 4500 | ||
|---|---|---|---|
| 003 | PE-LiUPU | ||
| 005 | 20250731173046.0 | ||
| 008 | 170413s2017 mau r 000 0 eng d | ||
| 020 |
_a9781619709577 _q(alk. paper) |
||
| 035 | _a(Sirsi) i9781619709577 | ||
| 035 |
_a(OCoLC)962822410 _z(OCoLC)962552840 |
||
| 040 |
_aDLC _bspa _erda _cDLC _dYDX _dOCLCF _dGGB _dCNTCS _dOCLCO _dOCLCQ _dPE-LiUPU |
||
| 041 | 1 |
_aeng _hfre |
|
| 049 | _aPRUA | ||
| 050 | 0 | 0 |
_aBT50 _b.B5413 2017 |
| 066 | _c$1 | ||
| 082 | 0 | 0 |
_a231.042 _bB64 _223 |
| 100 | 1 |
_aBlocher, Henri, _eautor. |
|
| 240 | 1 | 3 |
_aLa foi et la raison. _lEnglish |
| 245 | 1 | 0 |
_aFaith & reason / _cHenri Blocher ; translated by Damon DiMauro. |
| 264 | 1 |
_aPeabody, Massachusetts : _bHendrickson Publishers, _c[2017] |
|
| 300 |
_avi, 109 páginas ; _c22 centímetros |
||
| 336 |
_atext _2rdacontent |
||
| 337 |
_aunmediated _2rdamedia |
||
| 338 |
_avolume _2rdacarrier |
||
| 505 | 0 | _aIntroduction: From Youthful Memory to Everyone's Mission -- The Recourse to Reason in the Affirmation of the Faith -- Historical Survey -- Evangelicals and Apologetics -- The French Scene -- The Fundamental Question -- Rationalism in the Light of Scripture � Rationalism -- The Observations of Experience -- Biblical Teaching -- On What Basis Can There Be Dialogue? -- How Long to Persevere? -- Reflection on an Objection to the Faith: "You can make the Bible say whatever you want" -- The Transmission of the Biblical Text -- The Successive Editions/Versions of the Text? -- The Bible, a Contradictory Book? -- Response to the Objection: "Scientific endeavor is contrary to faith" -- Modern Science -- Miscellaneous Objections -- Objections on the Basis of Principles -- Response to the Objection: "The findings of scientific research show the Bible to be in error, and most especially when it comes to miracles" -- Minor Errors Here and There? -- The Structure of Reality -- Science and Faith in Relation to Origins -- The Question of Miracles -- The Objection to Miracles -- The Case for Miracles -- Conclusi | |
| 520 | _aIn this primer on apologetics, Henri Blocher helps readers navigate the relationship and tensions between faith and reason. "Doing apologetics" means presenting arguments to lead people to faith or to con rm them in their faith. After discussing the relationship between faith and reason, the author addresses several of the thorniest questions that trouble our efforts to unify a heart for Jesus with a mind at work: How do we combine science and faith?; Does the Bible contain errors?; Can we make the Bible say whatever we want? In discussing all of these issues in Faith and Reason, the author reminds us of the motivations that should prompt us to seek the most persuasive reasons for believing: to make our decision to have faith a responsible one, to increase our love for the people around us, and to bring glory to God. - back of book. | ||
| 526 | _aSEG42 | ||
| 526 | _aSEG41 | ||
| 526 | _aSEG40 | ||
| 526 | _aSEG39 | ||
| 526 | _aP94 | ||
| 526 | _aP87 | ||
| 526 | _aP86 | ||
| 526 | _aP85 | ||
| 526 | _aP77 | ||
| 526 | _aP76 | ||
| 526 | _aP35 | ||
| 650 | 1 | 4 |
_aApologética. _92321 |
| 650 | 1 | 4 |
_aFe y razón _xCristianismo. |
| 700 | 1 |
_aDiMauro, Damon, _etraductor. |
|
| 910 |
_adbm _bjpc _cjpc _d20171201 |
||
| 942 |
_2ddc _cBOOK |
||
| 949 |
_a231.042 B64 _wDEWEY _c1 _i77352 _lCATALOGING _mBUL _p7.99 _r0 _sY _tBOOK _u2017-12-04 _xPOSGRADO _PP85 _0DONACION _o.STAFF. Colección Teología |
||
| 994 |
_aC0 _bPEPRU |
||
| 596 | _a1 | ||
| 999 |
_a231.042 B64 _wDEWEY _c26480 _i77352 _f2021-11-9 _g4 _lCCODEBUL1 _mBUL _p7.99 _r0 _sY _tBOOK _u2017-12-4 _xTEOLOGIA _PP85 _0COMPRA _o.STAFF. Colección Teología _d26480 |
||
| 980 |
_81 _gALBERTO SANCHEZ Responsable de Automatización |
||